| 000 | 00588nam a2200181Ia 4500 | ||
|---|---|---|---|
| 999 |
_c55210 _d55210 |
||
| 003 | GCL | ||
| 005 | 20240530105342.0 | ||
| 008 | 140319s9999 xx 000 0 ara d | ||
| 040 |
_aGCL / _cGCL |
||
| 082 | 0 | 4 |
_a759.912 _bا و |
| 100 | 1 | _aنعيم عطية | |
| 245 | 1 | 0 |
_aانجى افلاطون / _cنعيم عطية |
| 260 |
_a[S.N] : _bالهيئة العامة للاستعلامات ، _c1986 |
||
| 490 |
_aوصف مصر المعاصر من خلال الفنون التشكيلية _v0 |
||
| 650 | 0 | 4 | _aالفنون |
| 650 | 0 | 4 | _aالفنون التشكيلية |
| 942 |
_2ddc _cBK |
||